| 000 | 00490cam a22002051 4500 | ||
|---|---|---|---|
| 001 | sa 65004350 | ||
| 003 | DLC | ||
| 005 | 20260227112130.0 | ||
| 008 | 881028s1964 xx 000 0 beno | ||
| 010 | _asa 65004350 | ||
| 035 | _a(OCoLC)23565582 | ||
| 040 |
_aDLC _cMiU _dDLC |
||
| 042 | _apremarc | ||
| 050 | 0 | 0 |
_aPK1718.R276 _bT3 |
| 100 | 1 |
_aRawshanara, Begum, _d1926- |
|
| 245 | 1 | 0 | _aTabu āmi bārāṅganā. |
| 260 | _c[1964] | ||
| 300 |
_a121 p. _c19 cm. |
||
| 500 | _aRomanized. | ||
| 999 |
_c63694 _d63694 |
||